| 000 | nam a22 7a 4500 | ||
|---|---|---|---|
| 999 |
_c19240 _d19240 |
||
| 008 | 170116b xxu||||| |||| 00| 0 eng d | ||
| 050 |
_aGB401 _b .G37 1974 |
||
| 100 | _aGarner,H.F | ||
| 245 |
_aThe Origin of Landscapes : _bA synthesis of Geomorphology/ _cH.F. Garner ,with drawings by Mary Craig Garner. |
||
| 260 |
_aNew York : _bOxford University Press , _cc1974 |
||
| 300 |
_axx,734p. : _bill. ; |
||
| 500 | _aincludes index. | ||
| 650 | _aGeomorphology | ||
| 650 | _aLandforms | ||
| 700 | _aGarner,Mary Craig | ||
| 942 |
_2lcc _cBOOKS _hGB401 .G37 1974 |
||